Indice general alfabetico, de las cosas notables, que contienen todas las obras del muy Ilustre Señor D. Fr. Benito Geronimo Feijoó, inclusas las dedicatorias, aprobaciones, y prólogos, y tambien los dos tomos de la demonstracion crítico-apologética, que en defensa del teatro crítico escribió el Rmo. P. M. D. Fr. Martin Sarmiento / dispuesto por Don Joseph Santos, vecino de esta corte

Detalles Bibliográficos
Autor principal: Feyjóo y Montenegro, Benito Jerónimo, fray, 1676-1764
Autor Corporativo: Real Compañía de Impresores y Libreros del Reino de España, ed
Formato: Libro
Lenguaje:Spanish
Publicado: Madrid : por Don Antonio de Sancha ; a costa de la Real Compañia de Impresores, y Libreros, 1774.
Materias:
Colección:Banco de datos
Acervo:Biblioteca Félix de Jesús Rougier de los Misioneros del Espíritu Santo. Fondo Antiguo
Descripción Física:[9] h., 248 p. ; 4°
Tema general:Literatura española
Notas:Portada tipográfica con plecas y marca de editores en grabado xilográfico. Texto a renglón seguido. Incluye cabecera de título en grabado xilográfico. Encuadernación en pergamino sobre cartón. Anotación manuscrito en la guarda anterior: "Guillermo Ba. Rey de la Gran Bretaña. Dick y Akermann". Sello en tinta de la Bibliotheca Domus Studiorum Missionarii Spiritus Sancti. Sello en tinta de la Biblioteca Félix de Jesús Rougier. Daños de humedad y en la encuadernación, lomo desprendido
LEADER 01568nam a22001810004500
035 |a 811 
041 0 |a spa 
100 1 |a Feyjóo y Montenegro, Benito Jerónimo, fray, 1676-1764 
245 1 0 |a Indice general alfabetico, de las cosas notables, que contienen todas las obras del muy Ilustre Señor D. Fr. Benito Geronimo Feijoó, inclusas las dedicatorias, aprobaciones, y prólogos, y tambien los dos tomos de la demonstracion crítico-apologética, que en defensa del teatro crítico escribió el Rmo. P. M. D. Fr. Martin Sarmiento / dispuesto por Don Joseph Santos, vecino de esta corte 
260 |a Madrid : por Don Antonio de Sancha ; a costa de la Real Compañia de Impresores, y Libreros, 1774. 
300 |a [9] h., 248 p. ; 4° 
500 |a Portada tipográfica con plecas y marca de editores en grabado xilográfico. Texto a renglón seguido. Incluye cabecera de título en grabado xilográfico. Encuadernación en pergamino sobre cartón. Anotación manuscrito en la guarda anterior: "Guillermo Ba. Rey de la Gran Bretaña. Dick y Akermann". Sello en tinta de la Bibliotheca Domus Studiorum Missionarii Spiritus Sancti. Sello en tinta de la Biblioteca Félix de Jesús Rougier. Daños de humedad y en la encuadernación, lomo desprendido 
650 1 0 |a Literatura española 
710 1 |a Real Compañía de Impresores y Libreros del Reino de España, ed. 
949 |a Biblioteca Félix de Jesús Rougier, Fondo Antiguo 1414 
942 |c ROUGIER 
943 |g Biblioteca Félix de Jesús Rougier de los Misioneros del Espíritu Santo. Fondo Antiguo 
999 |c 945830  |d 945830